| 000 | 00380cam a22001097a 4500 | ||
|---|---|---|---|
| 008 | 180718b xxu||||| |||| 00| 0 eng d | ||
| 082 | _aK5x73 Un3a | ||
| 245 |
_aAssessing and reporting: training needs and progress _cby Civil Service Commission, United States |
||
| 260 |
_aWashington _bGovernment Printing Office _c |
||
| 300 | _a80+p. | ||
| 700 | _aUnited States. Civil Service Commission | ||
| 999 |
_c500003 _d500003 |
||